LEADER 04575nam 22008174a 450 001 9910957666403321 005 20200520144314.0 010 $a9786612254598 010 $a9781282254596 010 $a1282254596 010 $a9780585463711 010 $a0585463719 010 $a9789027297693 010 $a902729769X 035 $a(CKB)1000000000003230 035 $a(SSID)ssj0000161106 035 $a(PQKBManifestationID)12072719 035 $a(PQKBTitleCode)TC0000161106 035 $a(PQKBWorkID)10191040 035 $a(PQKB)10634486 035 $a(SSID)ssj0000279801 035 $a(PQKBManifestationID)12112916 035 $a(PQKBTitleCode)TC0000279801 035 $a(PQKBWorkID)10268153 035 $a(PQKB)23669190 035 $a(MiAaPQ)EBC622601 035 $a(Au-PeEL)EBL622601 035 $a(CaPaEBR)ebr10022338 035 $a(CaONFJC)MIL225459 035 $a(OCoLC)732804667 035 $a(PPN)198740565 035 $a(DE-B1597)720282 035 $a(DE-B1597)9789027297693 035 $a(EXLCZ)991000000000003230 100 $a20020411d2002 uy 0 101 0 $aeng 135 $aurcn||||||||| 181 $ctxt 182 $cc 183 $acr 200 00$aGender identity and discourse analysis /$fedited by Lia Litosseliti, Jane Sunderland 205 $a1st ed. 210 $aPhiladelphia, PA $cJohn Benjamins Pub.$d2002 215 $avii,335 p 225 1 $aDiscourse approaches to politics, society, and culture ;$vv. 2 300 $aBibliographic Level Mode of Issuance: Monograph 311 08$a9789027226921 311 08$a902722692X 311 08$a9781588112132 311 08$a1588112136 320 $aIncludes bibliographical references and index. 327 $aGender Identity and Discourse Analysis -- Editorial page -- Title page -- LCC data -- Table of contents -- Chapter 1: Gender identity and discourse analysis -- Theorising Gender and Discourse -- Chapter 2: Yes, but is it gender? -- Chapter 3: Rethinking politeness, impoliteness and gender identity -- Chapter 4: Stunning, shimmering, iridescent -- Discourse and Gendered Identities in the Media -- Chapter 5: Consuming personal relationships -- Chapter 6 'Head to head' -- Chapter 7: Is there anything "new" about these lads? -- Discourse, Sexuality and Gender Identities -- Chapter 8: The case of the indefinite pronoun -- Chapter 9: Erotic discourse strategies in powerless women -- Discourse and Gender Identities in Education -- Chapter 10: From representation towards discursive practices -- Chapter 11: 'What's the hottest part of the Sun? Page 3!' -- Gendered Discourses of Parenthood -- Chapter 12: Pregnant self and lost identity in Ana Blandiana's 'Children's Crusade' -- Chapter 13: Baby entertainer, bumbling assistant and line manager -- Subject index -- Name index -- Discourse Approaches to Politics, Society and Culture. 330 $aGender and discourse interface in many more epistemological sites than can be represented in one collection. Gender Identity and Discourse Analysis therefore focuses on a principled diversity of key sites within four broad areas: the media, sexuality, education and parenthood. The different chapters together illustrate how taking a discourse perspective facilitates understanding of the complex and subtle ways in which gender is represented, constructed and contested through language. The book engages critically with long-running and on-going debates, but also reflects and develops current understandings of gender, identity and discourse, particularly the shift from 'gender differences' to the discoursal shaping of gender. Gender Identity and Discourse Analysis thus offers not only insights and methodologies of new empirical studies but also careful theorisations, in particular of discourse, text, identity and gender. The collection is a valuable resource for researchers, postgraduates and advanced undergraduates working in the area of gender and discourse. 410 0$aDiscourse approaches to politics, society, and culture ;$vv. 2. 606 $aSex role 606 $aGender identity 606 $aDiscourse analysis 615 0$aSex role. 615 0$aGender identity. 615 0$aDiscourse analysis. 676 $a305.3 686 $aES 360$2rvk 701 $aLitosseliti$b Lia$0773219 701 $aSunderland$b Jane$0624243 801 0$bMiAaPQ 801 1$bMiAaPQ 801 2$bMiAaPQ 906 $aBOOK 912 $a9910957666403321 996 $aGender identity and discourse analysis$94344138 997 $aUNINA